00676nam a2200229 a 4500001001300000003000900013005001700022008004100039020002400080082001500104100002300119245004500142260003200187300000900219500003500228505001000263650002300273902000800296942000700304952011800311999001700429nice12345678IN_TiNIC20260116014832.0070423s2004 lona grp 000 0 eng  a1850437513 c370800a297.1bTAJ aTaji-Farouki, Suha aIslamic Thought in the Twentieth Century aLondon bTauris Pub. c2004 a387p aincludes index and biblioraphy2 aindex aIslam-20th Century bSRS cBK 001040708StackRoom-aHMIbHMId2013-09-16g3708.00l0o297.1 TAJp021539r2013-09-16v3708.00w2007-04-23yBK c17211d17211